[Event "Airthings Masters Play In"]
[Site "Chess.com INT"]
[Date "2023.02.03"]
[Round "4"]
[White "Deviatkin, Andrei"]
[Black "Kaufman, Lawrence"]
[Result "1/2-1/2"]
[WhiteElo "2442"]
[BlackElo "2188"]
[PlyCount "91"]
[EventDate "2023.02.03"]
[EventType "swiss (rapid)"]
[EventRounds "9"]
[EventCountry "USA"]
[SourceTitle "CBM 212 Extra"]
[Source "ChessBase"]
[SourceDate "2023.03.31"]
[SourceVersion "1"]
[SourceVersionDate "2023.03.31"]
[SourceQuality "1"]

1. d4 Nf6 2. Nf3 d5 3. Bf4 e6 4. e3 Bd6 5. c3 Bxf4 6. exf4 0-0 7. Bd3 b6 8. Nbd2 Ba6 9. Bxa6 Nxa6 10. Qe2 Nb8 11. Ne5 c5 12. 0-0 Qc7 13. Rac1 Nc6 14. a3 Rac8 15. Qe3 Qe7 16. Ndf3 Ne4 17. Nxc6 Rxc6 18. c4 Rfc8 19. cxd5 exd5 20. Rcd1 c4 21. Ne5 R6c7 22. Rfe1 f6 23. f3 fxe5 24. fxe4 exd4 25. Qxd4 dxe4 26. Rxe4 Qc5 27. Qxc5 Rxc5 28. Rd7 R5c7 29. Ree7 Rxd7 30. Rxd7 a6 31. Ra7 a5 32. Rb7 c3 33. bxc3 Rxc3 34. Rxb6 Rxa3 35. Rb7 Ra2 36. Ra7 g6 37. h3 h5 38. g4 hxg4 39. hxg4 Ra4 40. Kg2 Rxf4 41. Rxa5 Rxg4+ 42. Kf3 Rg1 43. Kf2 Rg4 44. Kf3 Rg1 45. Kf2 Rg4 46. Kf3 1/2-1/2

[Event "Airthings Masters Play In"]
[Site "Chess.com INT"]
[Date "2023.02.03"]
[Round "3"]
[White "Kaufman, Lawrence"]
[Black "Moiseenko, Alexander"]
[Result "0-1"]
[WhiteElo "2188"]
[BlackElo "2577"]
[PlyCount "108"]
[EventDate "2023.02.03"]
[EventType "swiss (rapid)"]
[EventRounds "9"]
[EventCountry "USA"]
[SourceTitle "CBM 212 Extra"]
[Source "ChessBase"]
[SourceDate "2023.03.31"]
[SourceVersion "1"]
[SourceVersionDate "2023.03.31"]
[SourceQuality "1"]

1. e4 c5 2. Nf3 Nc6 3. Bb5 e6 4. 0-0 Nge7 5. Re1 Ng6 6. c3 d5 7. exd5 Qxd5 8. d4 cxd4 9. Nxd4 Bd7 10. Bf1 Be7 11. Nb5 Qxd1 12. Rxd1 0-0-0 13. Be3 a6 14. Nd6+ Bxd6 15. Rxd6 Kc7 16. Rd1 Nce7 17. Nd2 Nf5 18. Nc4 Nxe3 19. Nxe3 Bc6 20. f3 h5 21. Kf2 h4 22. Nc4 f6 23. Na5 Nf4 24. Nxc6 Kxc6 25. g3 Nd5 26. Bg2 Kc7 27. f4 Nb6 28. b3 Nc8 29. Rxd8 Rxd8 30. Ke2 Ne7 31. Rd1 Rxd1 32. Kxd1 hxg3 33. hxg3 Nf5 34. Bh3 Nxg3 35. Bxe6 Nh5 36. f5 Nf4 37. Bg8 Kd6 38. Kd2 Ke5 39. Bh7 Nd5 40. c4 Ne7 41. Kc3 Nxf5 42. Kb4 g5 43. Kc5 g4 44. Bg8 Ne7 45. Bd5 Nxd5 46. cxd5 g3 47. d6 Ke6 48. Kb6 Kxd6 49. Kxb7 g2 50. Kxa6 g1Q 51. a4 Kc7 52. Kb5 f5 53. b4 f4 54. Kc4 f3 0-1